Huấn luyện nhân viên = Coaching successfully /
Sparad:
| Huvudupphovsman: | |
|---|---|
| Övriga upphovsmän: | |
| Materialtyp: | Sách giấy |
| Språk: | Vietnamese |
| Publicerad: |
Tp. HCM :
Tổng hợp,
2004
|
| Serie: | Cẩm nang quản lý
|
| Ämnen: | |
| Taggar: |
Lägg till en tagg
Inga taggar, Lägg till första taggen!
|
| Thư viện lưu trữ: | Thư viện Trường Đại học Đà Lạt |
|---|
| LEADER | 00905nam a2200361 4500 | ||
|---|---|---|---|
| 001 | DLU060050970 | ||
| 005 | ##20060214 | ||
| 040 | # | # | |a DLU |b vie |
| 041 | # | # | |a vie |
| 044 | # | # | |a vn |
| 082 | # | # | |a 658.312 4 |b EA-J |
| 100 | # | # | |a Earon, John |
| 245 | # | # | |a Huấn luyện nhân viên = |b Coaching successfully / |c John Earon, Roy Johnson |
| 246 | # | # | |a Coaching successfully |
| 260 | # | # | |a Tp. HCM : |b Tổng hợp, |c 2004 |
| 300 | # | # | |a 69 tr. ; |c 24 cm |
| 490 | # | # | |a Cẩm nang quản lý |
| 653 | # | # | |a Cẩm nang |
| 653 | # | # | |a Huấn luyện |
| 653 | # | # | |a Nhân viên |
| 653 | # | # | |a Quản lý tác nghiệp |
| 653 | # | # | |a Quản trị nhân lực |
| 700 | # | # | |a Johnson, Roy |
| 923 | # | # | |a 61/2005 |
| 992 | # | # | |a 24.000 |
| 994 | # | # | |a DLU |
| 900 | # | # | |a True |
| 911 | # | # | |a Đào Thị Thu Huyền |
| 925 | # | # | |a G |
| 926 | # | # | |a A |
| 927 | # | # | |a SH |
| 980 | # | # | |a Thư viện Trường Đại học Đà Lạt |